Statistics for Largest uninhabited islands

Click here to take the quiz!

General Stats

  • This quiz has been taken 10 times
  • The average score is 5 of 10

Answer Stats

RankWorld RankArea (km2)CountryAnswer% Correct
22849,070None (Antarctic)Alexander Island
75%
33048,904RussiaSeverny Island
75%
12755,247CanadaDevon Island
63%
74033,339CanadaPrince of Wales Island
63%
84624,786CanadaSomerset Island
63%
43144,000None (Antarctic)Berkner Island
50%
63342,149CanadaMelville Island
50%
53243,178CanadaAxel Heiberg Island
38%
105416,042CanadaBathurst Island
38%
94724,000RussiaKotelny Island
25%

Score Distribution

Percentile by Number Answered

Percent of People with Each Score

Your Score History

You have not taken this quiz